Southville International School and Colleges
Your cart is empty.
  • Cart
  • Lists
    Public lists Eva Luna New books Lux_list list_1
    Your lists Log in to create your own lists
  • Log in to your account
  • Your cookies
  • Search history
Southville International School and Colleges
  • Advanced search
  • Recent comments
  • Most popular
  • Libraries

Log in to your account

Log in with GOOGLE


If you do not have an external account, but do have a local account, you can still log in:

  1. Home
  2. MARC view: Handwriting, bk. 1 :
Normal view MARC view ISBD view

Handwriting, bk. 1 : (Record no. 113151)

[ view plain ]
MARC details
000 -LEADER
fixed length control field 00544nam a2200181 a 4500
001 - CONTROL NUMBER
control field 0985
005 - DATE AND TIME OF LATEST TRANSACTION
control field 20140414132004.0
008 - FIXED-LENGTH DATA ELEMENTS--GENERAL INFORMATION
fixed length control field 041008s19uu xx 00 eng d
020 ## - INTERNATIONAL STANDARD BOOK NUMBER
International Standard Book Number 0-88309-558-0
050 ## - LIBRARY OF CONGRESS CALL NUMBER
Classification number TR 372.634
Item number Ha233 1989
245 ## - TITLE STATEMENT
Title Handwriting, bk. 1 :
Remainder of title basic skills and application (continous stroke option).
250 ## - EDITION STATEMENT
Edition statement Teacher's Edition
260 ## - PUBLICATION, DISTRIBUTION, ETC. (IMPRINT)
Place of publication, distribution, etc Columbus, Ohio :
Name of publisher, distributor, etc Zaner-Bloser,
Date of publication, distribution, etc 1989.
300 ## - PHYSICAL DESCRIPTION
Extent 96 p. : ill. ; cm.
520 ## - SUMMARY, ETC.
Summary, etc Binder section
650 ## - SUBJECT ADDED ENTRY--TOPICAL TERM
Topical term or geographic name as entry element Penmanship
General subdivision Study and teaching.
Holdings
Withdrawn status Lost status Damaged status Use restrictions Home library Current library Shelving location Date acquired Source of acquisition Total Checkouts Full call number Barcode Date last seen Price effective from Koha item type
        Munich Library Munich Library Teachers Reference Section 10/08/2004     TR 372.634 Ha233 1989 M4650 04/14/2014 04/14/2014 Books

Handwriting, bk. 1 :

APA

(1989). Handwriting, bk. 1. Columbus, Ohio: Zaner-Bloser.

Chicago

1989. Handwriting, bk. 1. Columbus, Ohio: Zaner-Bloser.

Harvard

(1989). Handwriting, bk. 1. Columbus, Ohio: Zaner-Bloser.

MLA

Handwriting, bk. 1. Columbus, Ohio: Zaner-Bloser. 1989.

  • Place hold
  • Print
  • Cite
  • Add to your cart (remove)
  • Save record
    BIBTEX Dublin Core MARCXML MARC (non-Unicode/MARC-8) MARC (Unicode/UTF-8) MARC (Unicode/UTF-8, Standard) MODS (XML) RIS
  • More searches
    Search for this title in:
    Other Libraries (WorldCat) Other Databases (Google Scholar) Online Stores (Bookfinder.com) Open Library (openlibrary.org)

Exporting to Dublin Core...

SOUTHVILLE LIBRARY

Southville International School and Colleges Library

1281 Tropical Ave. Cor. Luxembourg St., BF Homes International, Las Pinas City

Tel. No. 8256374 / 252358 Loc. 117/146

Powered by Koha